Statistics for Every Japanese F1 Driver

Click here to take the quiz!

General Stats

  • This quiz has been taken 39 times
  • The average score is 7 of 21

Answer Stats

StartsYear(s)DriverTeam(s)% Correct
332021-Yuki TsunodaAlphaTauri
97%
752009-2012, 2014Kamui KobayashiToyota, Sauber, Caterham
94%
902002-2008Takuma SatoJordan, BAR, Super Aguri
77%
362007-2009Kazuki NakajimaWilliams
66%
741987-1991Satoru NakajimaLotus, Tyrrell
66%
651988-1995Aguri SuzukiLarrousse, Zakspeed, Footwork, Jordan, Ligier
51%
21993Toshio SuzukiLarrousse
51%
212006-2007, 2010Sakon YamamotoSuper Aguri, Spyker, HRT
43%
181994-1995Taki InoueSimtek, Footwork
34%
42006Yuji IdeSuper Aguri
31%
951992-1997Ukyo KatayamaLarrousse, Tyrrell, Minardi
29%
331997-1998Shinji NakanoProst, Minardi
26%
321998-1999Toranosuke TakagiTyrrell, Arrows
23%
31994Hideki NodaLarrousse
14%
11977Kunimitsu TakahashiTyrrell (non-works)
6%
21976-1977Noritake TakaharaSurtees, Kojima
6%
01975Hiroshi FushidaMaki
3%
21976-1977Kazuyoshi HoshinoTyrrell (non-works), Kojima
3%
11976Masahiro HasemiKojima
3%
01976Masami KuwashimaWolf-Williams
3%
01991Naoki HattoriColoni
3%

Score Distribution

Percentile by Number Answered

Percent of People with Each Score

Your Score History

You have not taken this quiz